[Event "Jugend WM U20"]
[Site "Istanbul"]
[Date "2005.11.13"]
[Round "5.22"]
[White "Cornette, Matthieu"]
[Black "Kvon, Andrey"]
[Result "1/2-1/2"]
[WhiteElo "2418"]
[BlackElo "2293"]
[PlyCount "166"]
[EventDate "2005.11.??"]
[EventType "swiss"]
[EventRounds "13"]
[EventCountry "TUR"]
[Source "Reinhold Goldau"]
[SourceDate "2000.03.01"]

1. e4 c5 2. Nf3 Nc6 3. Bb5 Nf6 4. Nc3 Nd4 5. e5 Nxb5 6. Nxb5 Nd5 7. O-O e6 8.
d4 a6 9. c4 axb5 10. cxd5 exd5 11. dxc5 Bxc5 12. Qxd5 Qb6 13. Bf4 O-O 14. Rac1
Be7 15. Nd4 Qg6 16. Nxb5 Ra5 17. Qb3 b6 18. Rc7 Ba6 19. a4 Qe4 20. Rc4 Qe2 21.
Be3 Bd8 22. Rfc1 Bb7 23. Qb4 Qh5 24. Qd6 Bc6 25. Bf4 Bg5 26. Qd1 Qxd1+ 27. Rxd1
Bxf4 28. Rxf4 Bxb5 29. axb5 Rxb5 30. Rxd7 Rxe5 31. h4 Rb5 32. b4 g6 33. Rb7 Kg7
34. Kf1 h6 35. Ke2 g5 36. Re4 Rd8 37. h5 Rd6 38. g4 Kf6 39. Kf3 Re6 40. Rd4 Kg7
41. Rb8 Re1 42. Rb7 Re6 43. Kg3 Re8 44. Rd6 Rxb4 45. Rg6+ Kf8 46. Rxh6 Rb3+ 47.
f3 Re2 48. Rhxb6 Rxb6 49. Rxb6 Kg7 50. Rb1 Kh6 51. Rb5 f6 52. Rb7 Ra2 53. Rf7
Ra6 54. Kf2 Re6 55. Kf1 Ra6 56. Ke2 Ra2+ 57. Kd1 Ra1+ 58. Kc2 Ra6 59. Kb3 Re6
60. Kc4 Rc6+ 61. Kd5 Ra6 62. Rd7 Ra3 63. Ke4 Ra4+ 64. Rd4 Ra5 65. Rd6 Kg7 66.
Rd5 Ra4+ 67. Rd4 Ra5 68. f4 gxf4 69. Kxf4 Ra1 70. Rd7+ Kh6 71. Rd5 Rf1+ 72. Kg3
Ra1 73. Rf5 Kg7 74. Rb5 Kh6 75. Rb8 Kg7 76. Rc8 Rg1+ 77. Kf4 Rf1+ 78. Ke3 Re1+
79. Kf2 Ra1 80. Rc7+ Kh6 81. Rf7 Kg5 82. Rg7+ Kf4 83. Ke2 Rh1 1/2-1/2

[Event "Jugend WM U20"]
[Site "Istanbul"]
[Date "2005.11.13"]
[Round "5.23"]
[White "Aleskerov, Faik"]
[Black "Sanikidze, Tornike"]
[Result "0-1"]
[WhiteElo "2321"]
[BlackElo "2411"]
[PlyCount "66"]
[EventDate "2005.11.??"]
[EventType "swiss"]
[EventRounds "13"]
[EventCountry "TUR"]
[Source "Reinhold Goldau"]
[SourceDate "2000.03.01"]

1. d4 Nf6 2. c4 g6 3. f3 d5 4. cxd5 Nxd5 5. e4 Nb6 6. Nc3 Bg7 7. Be3 O-O 8. Qd2
Nc6 9. O-O-O f5 10. h4 fxe4 11. h5 gxh5 12. d5 Ne5 13. Bh6 Nec4 14. Qg5 Rf7 15.
Rh4 Qd6 16. Bxg7 Rxg7 17. Qxh5 Bd7 18. Rxe4 Qb4 19. Rd2 Qc5 20. Bxc4 Nxc4 21.
Rdd4 Nd6 22. Rf4 Nf5 23. Nge2 Nxd4 24. Nxd4 b5 25. a3 a5 26. Kb1 b4 27. Ne4 Qc4
28. Ne6 Qd3+ 29. Kc1 Qf1+ 30. Kc2 Qc4+ 31. Nc3 Rxg2+ 32. Kc1 Rg1+ 33. Kc2 Ba4+
0-1

[Event "Jugend WM U20"]
[Site "Istanbul"]
[Date "2005.11.13"]
[Round "5.24"]
[White "Jessel, Stephen"]
[Black "Sengupta, Deep"]
[Result "0-1"]
[WhiteElo "2304"]
[BlackElo "2400"]
[PlyCount "71"]
[EventDate "2005.11.??"]
[EventType "swiss"]
[EventRounds "13"]
[EventCountry "TUR"]
[Source "Reinhold Goldau"]
[SourceDate "2000.03.01"]

1. e4 e6 2. d4 d5 3. Nc3 Bb4 4. e5 Ne7 5. a3 Bxc3+ 6. bxc3 c5 7. Nf3 Qc7 8. h4
Nbc6 9. h5 h6 10. Be2 Bd7 11. Bf4 cxd4 12. cxd4 Na5 13. Qd2 Rc8 14. Bd3 Nc4 15.
Qb4 Nc6 16. Qc3 Qa5 17. Qxa5 N6xa5 18. Bc1 Ba4 19. Rb1 b6 20. Rh4 O-O 21. Rg4
Kh8 22. Nh4 Nc6 23. c3 Ne7 24. f4 Bd7 25. Rg3 Rc7 26. Rf3 Nf5 27. Rh3 Re8 28.
Ke2 b5 29. Bc2 Rec8 30. Nf3 a5 31. g4 Nxa3 32. Bxa3 Rxc3 33. gxf5 Rxc2+ 34. Kd1
b4 35. Ne1 Rf2 36. Nd3 0-1

[Event "Jugend WM U20"]
[Site "Istanbul"]
[Date "2005.11.13"]
[Round "5.25"]
[White "Akshat, Khamparia"]
[Black "Karakehajov, Kalin"]
[Result "0-1"]
[WhiteElo "2275"]
[BlackElo "2396"]
[PlyCount "46"]
[EventDate "2005.11.??"]
[EventType "swiss"]
[EventRounds "13"]
[EventCountry "TUR"]
[Source "Reinhold Goldau"]
[SourceDate "2000.03.01"]

1. d4 d5 2. c4 e6 3. Nc3 c6 4. e4 Bb4 5. cxd5 exd5 6. e5 Ne7 7. f4 c5 8. a3 Ba5
9. dxc5 d4 10. b4 dxc3 11. Qa4+ Nbc6 12. bxa5 O-O 13. Bc4 Qd4 14. Ne2 Qxc5 15.
a6 bxa6 16. Rf1 Bd7 17. Bxa6 Nb8 18. Qb4 Nxa6 19. Qxc5 Nxc5 20. Nxc3 Rac8 21.
Bd2 Nb3 22. Rb1 Nxd2 23. Kxd2 Rfd8 0-1

[Event "Jugend WM U20"]
[Site "Istanbul"]
[Date "2005.11.13"]
[Round "5.27"]
[White "Esen, Baris"]
[Black "Pileckis, Emilis"]
[Result "1/2-1/2"]
[WhiteElo "2384"]
[BlackElo "2255"]
[PlyCount "64"]
[EventDate "2005.11.??"]
[EventType "swiss"]
[EventRounds "13"]
[EventCountry "TUR"]
[Source "Reinhold Goldau"]
[SourceDate "2000.03.01"]

1. e4 c5 2. Nf3 Nc6 3. Bb5 g6 4. c3 Nf6 5. e5 Nd5 6. O-O Bg7 7. d4 cxd4 8. cxd4
O-O 9. Nc3 Nxc3 10. bxc3 a6 11. Be2 d6 12. exd6 Qxd6 13. Be3 Rd8 14. Qb3 b5 15.
Ng5 e6 16. Bf3 Bb7 17. Ne4 Qe7 18. a4 Na5 19. Qb1 Bc6 20. axb5 axb5 21. Bg5 f6
22. Bc1 Qc7 23. Re1 Re8 24. Nd2 Bxf3 25. Nxf3 Qc6 26. Ba3 Nc4 27. Bb4 Nb6 28.
Rxa8 Rxa8 29. Qb3 Nd5 30. Bc5 Bf8 31. c4 bxc4 32. Qxc4 Rc8 1/2-1/2

[Event "Jugend WM U20"]
[Site "Istanbul"]
[Date "2005.11.13"]
[Round "5.31"]
[White "Rohit, Gogineni"]
[Black "Yagiz, Yasin Emrah"]
[Result "0-1"]
[WhiteElo "2401"]
[BlackElo "2206"]
[PlyCount "181"]
[EventDate "2005.11.??"]
[EventType "swiss"]
[EventRounds "13"]
[EventCountry "TUR"]
[Source "Reinhold Goldau"]
[SourceDate "2000.03.01"]

1. e4 e5 2. Nf3 Nc6 3. Bb5 a6 4. Ba4 Nf6 5. O-O Be7 6. Re1 b5 7. Bb3 d6 8. c3
O-O 9. h3 Na5 10. Bc2 c5 11. d4 Qc7 12. Nbd2 Rd8 13. b3 cxd4 14. cxd4 Nc6 15.
Bb2 Nb4 16. Bb1 Nd7 17. Nf1 Bf6 18. Ne3 Nb6 19. a3 Nc6 20. Qc2 Qb7 21. Nd5 Kh8
22. Rc1 Bd7 23. Nxf6 gxf6 24. Qd2 Rg8 25. dxe5 Nxe5 26. Qf4 Kg7 27. Nd4 Be6 28.
Qe3 Rac8 29. Rd1 Qe7 30. f4 Ned7 31. Ne2 Kh8 32. Bd4 Nc5 33. Bc2 Rce8 34. b4
Nc4 35. Qf3 Nd7 36. Ng3 Bxh3 37. gxh3 Rxg3+ 38. Qxg3 Rg8 39. Qxg8+ Kxg8 40. Kh2
Nf8 41. Rg1+ Kh8 42. Rg3 Ng6 43. Rag1 Qd8 44. h4 h5 45. Rxg6 fxg6 46. Rxg6 Ne5
47. fxe5 dxe5 48. Be3 Qc8 49. Bc5 Qe6 50. Rg2 Qa2 51. Bd1 Qc4 52. Bf3 f5 53.
Be7 Qf7 54. Bg5 f4 55. Bh6 Qe7 56. Bg7+ Kh7 57. Rg5 Qe6 58. Bxe5 Qa2+ 59. Rg2
Qxa3 60. Bxh5 Qxb4 61. Bg6+ Kg8 62. Bxf4 Qe7 63. Kh3 b4 64. h5 b3 65. Bf5+ Kf7
66. h6 Qf6 67. Bg6+ Ke6 68. h7 b2 69. e5 Qxf4 70. h8=Q Qf3+ 71. Kh2 Qf4+ 72.
Kg1 Qc1+ 73. Kf2 Qf4+ 74. Kg1 Qc1+ 75. Kf2 Qf4+ 76. Ke2 Qc4+ 77. Kf3 Qc3+ 78.
Kg4 Qd4+ 79. Kh5 Qd1+ 80. Rg4 Qh1+ 81. Rh4 Qd1+ 82. Kh6 Qc1+ 83. Kh7 b1=Q 84.
Qf6+ Kd7 85. Rd4+ Kc7 86. Qd6+ Kb7 87. Bxb1 Qxb1+ 88. Kg8 Qg1+ 89. Kf7 Qf2+ 90.
Ke8 a5 91. Qc5 0-1

[Event "Jugend WM U20"]
[Site "Istanbul"]
[Date "2005.11.13"]
[Round "5.32"]
[White "Barnaure, Vlad-Victor"]
[Black "Moosavian, S Hamed"]
[Result "0-1"]
[WhiteElo "2454"]
[BlackElo "2263"]
[PlyCount "78"]
[EventDate "2005.11.??"]
[EventType "swiss"]
[EventRounds "13"]
[EventCountry "TUR"]
[Source "Reinhold Goldau"]
[SourceDate "2000.03.01"]

1. Nf3 e6 2. c4 Nf6 3. g3 c5 4. Bg2 Nc6 5. O-O Be7 6. d4 cxd4 7. Nxd4 Qb6 8.
Nb3 Ne5 9. c5 Bxc5 10. Nxc5 Qxc5 11. e4 O-O 12. b3 b5 13. Be3 Qe7 14. Qe2 a6
15. Bd4 d6 16. Nd2 Bb7 17. Rfc1 Rac8 18. h3 Ned7 19. a4 e5 20. Bb2 bxa4 21.
bxa4 Nc5 22. Qe3 Qe6 23. a5 Rc7 24. Ba3 Rfc8 25. Rab1 Nfd7 26. Rc4 h6 27. Kh2
Bc6 28. Rcb4 d5 29. exd5 Bxd5 30. Bf1 Ba8 31. Be2 g6 32. Rb6 Qd5 33. f3 Ne6 34.
Bxa6 Rc3 35. Qf2 Rd8 36. Bc1 Ng5 37. Be2 Rxc1 38. Rxc1 Qxd2 39. Rf1 Qxa5 0-1

[Event "Jugend WM U20"]
[Site "Istanbul"]
[Date "2005.11.13"]
[Round "5.34"]
[White "Can, Emre"]
[Black "Krivokapic, Marko"]
[Result "0-1"]
[WhiteElo "2287"]
[BlackElo "2361"]
[PlyCount "104"]
[EventDate "2005.11.??"]
[EventType "swiss"]
[EventRounds "13"]
[EventCountry "TUR"]
[Source "Reinhold Goldau"]
[SourceDate "2000.03.01"]

1. e4 c5 2. Nf3 d6 3. d4 cxd4 4. Nxd4 Nf6 5. Nc3 a6 6. Bg5 e6 7. f4 Nbd7 8. Qf3
Qc7 9. O-O-O Be7 10. g4 h6 11. Bxf6 Bxf6 12. h4 Qc5 13. Nb3 Qc7 14. Ne2 Be7 15.
g5 b5 16. Nbd4 Nc5 17. g6 fxg6 18. Bh3 O-O 19. Qg2 e5 20. fxe5 dxe5 21. Nb3
Nxb3+ 22. axb3 Bxh4 23. Qxg6 Bg5+ 24. Kb1 Bxh3 25. Rxh3 Rf6 26. Qh5 Raf8 27.
Rhd3 b4 28. c4 bxc3 29. Nxc3 Qf7 30. Qh3 Rf2 31. Rd5 Bf4 32. Qg4 h5 33. Qh3 Rh2
34. Qd3 Qg6 35. Rd7 Qg2 36. Na4 h4 37. Qd5+ Kh7 38. Qd6 Qxe4+ 39. Ka2 Qf5 40.
Nc5 e4 41. Rxg7+ Kxg7 42. Ne6+ Kh8 43. Qxf8+ Qxf8 44. Nxf8 Bh6 45. Ng6+ Kh7 46.
Ne5 e3 47. Rd7+ Bg7 48. Re7 h3 49. Nf3 Rxb2+ 50. Ka3 h2 51. Nxh2 Rxh2 52. Rxe3
Bf8+ 0-1

[Event "Jugend WM U20"]
[Site "Istanbul"]
[Date "2005.11.13"]
[Round "5.36"]
[White "Macak, Stefan"]
[Black "Tanrikulu, Erhan"]
[Result "1-0"]
[WhiteElo "2319"]
[BlackElo "2151"]
[PlyCount "110"]
[EventDate "2005.11.??"]
[EventType "swiss"]
[EventRounds "13"]
[EventCountry "TUR"]
[Source "Reinhold Goldau"]
[SourceDate "2000.03.01"]

1. e4 e5 2. Nf3 Nc6 3. Bb5 a6 4. Ba4 b5 5. Bb3 d6 6. O-O Be7 7. c3 Nf6 8. Re1
O-O 9. h3 Na5 10. Bc2 c5 11. d4 Qc7 12. Nbd2 Bb7 13. Nf1 Rfc8 14. Ne3 cxd4 15.
cxd4 Nc4 16. Nxc4 bxc4 17. Bd2 Ne8 18. Bc3 Bf6 19. Qd2 Rab8 20. Rad1 exd4 21.
Nxd4 Qc5 22. Kh1 Nc7 23. f4 Re8 24. e5 dxe5 25. Nf3 Bc6 26. Nxe5 Rbd8 27. Qe2
Nb5 28. Rxd8 Bxd8 29. Bxh7+ Kxh7 30. Qh5+ Kg8 31. Qxf7+ Kh8 32. Qg6 Kg8 33.
Qxc6 Rxe5 34. Qxc5 Rxc5 35. Re8+ Kf7 36. Rxd8 Nxc3 37. bxc3 Ra5 38. Rd4 Rxa2
39. Rxc4 a5 40. Rc6 a4 41. Ra6 a3 42. Kh2 Ra1 43. g4 a2 44. Kg2 Ke7 45. f5 Rc1
46. Rxa2 Rxc3 47. Ra7+ Kf6 48. Ra6+ Kf7 49. h4 Rb3 50. h5 Rc3 51. h6 gxh6 52.
Rxh6 Kg7 53. Re6 Kf7 54. Kf2 Ra3 55. Re3 Ra1 1-0

[Event "Jugend WM U20"]
[Site "Istanbul"]
[Date "2005.11.13"]
[Round "5.38"]
[White "Stander, Heinrich"]
[Black "Papin, Vasily"]
[Result "0-1"]
[WhiteElo "2128"]
[BlackElo "2425"]
[PlyCount "130"]
[EventDate "2005.11.??"]
[EventType "swiss"]
[EventRounds "13"]
[EventCountry "TUR"]
[Source "Reinhold Goldau"]
[SourceDate "2000.03.01"]

1. e4 c5 2. Nc3 a6 3. g3 b5 4. Bg2 Bb7 5. d3 d6 6. f4 g6 7. Nf3 Bg7 8. O-O Nc6
9. h3 Nf6 10. Qe2 Nd7 11. Nd1 O-O 12. c3 a5 13. Be3 b4 14. c4 a4 15. Rb1 e6 16.
Nf2 Re8 17. Rfd1 Nd4 18. Nxd4 cxd4 19. Bd2 Qb6 20. b3 axb3 21. axb3 Bc6 22. Qe1
Reb8 23. Rb2 Nc5 24. g4 f5 25. Kh2 Ra3 26. exf5 Bxg2 27. Kxg2 exf5 28. Rdb1
Raa8 29. g5 Re8 30. Qd1 d5 31. cxd5 Na6 32. Rc2 Nc7 33. Qf3 Ra5 34. Rc6 Qb7 35.
Bxb4 Nxd5 36. Bxa5 Qxc6 37. Bd2 Bf8 38. b4 Re2 39. b5 Qb7 40. Bc1 Re1 41. Kg3
Re7 42. Bd2 Rd7 43. b6 Bd6 44. Rb5 Bb8 45. h4 Qc6 46. Rb2 Kg7 47. h5 Qe6 48.
h6+ Kf7 49. b7 Qc6 50. Qd1 Rxb7 51. Qc2 Qxc2 52. Rxc2 Rb1 53. Rc8 Nc7 54. Rh8
Ne6 55. Rxh7+ Kg8 56. Rd7 Nxg5 57. Rd8+ Kh7 58. Rxb8 Rg1+ 59. Kh2 Nf3+ 60. Kh3
Nxd2 61. Rb2 Nf1 62. Rb1 Kxh6 63. Rb8 Rg3+ 64. Kh4 Rg2 65. Rb2 Rh2+ 0-1

[Event "Jugend WM U20"]
[Site "Istanbul"]
[Date "2005.11.13"]
[Round "5.39"]
[White "El Debs, Felipe De Cresce"]
[Black "Agdestein, Emil"]
[Result "1-0"]
[WhiteElo "2341"]
[BlackElo "2057"]
[PlyCount "115"]
[EventDate "2005.11.??"]
[EventType "swiss"]
[EventRounds "13"]
[EventCountry "TUR"]
[Source "Reinhold Goldau"]
[SourceDate "2000.03.01"]

1. d4 g6 2. e4 Bg7 3. Nc3 d6 4. Be3 c6 5. a4 Nf6 6. h3 Qc7 7. Nf3 Nbd7 8. Qc1
a5 9. Be2 e5 10. dxe5 dxe5 11. Nh2 b6 12. Bh6 O-O 13. Ng4 Nh5 14. Bxg7 Nxg7 15.
Bc4 Kh8 16. Qg5 f6 17. Qh4 f5 18. Nh6 Nc5 19. O-O-O Be6 20. exf5 gxf5 21. Bxe6
Ngxe6 22. g4 Nd4 23. Nxf5 Nxf5 24. gxf5 Rxf5 25. Rhg1 Qf7 26. Rg2 Qf6 27. Qg3
Rf3 28. Qh2 Rf8 29. Kb1 Qf5 30. Rd6 Rxh3 31. Qg1 Qh5 32. Rf6 Rd8 33. Qe1 Rh1
34. Rg1 Rxg1 35. Qxg1 Rg8 36. Qe1 Qe8 37. Ne4 Nxe4 38. Qxe4 Rg7 39. Rxc6 Rg1+
40. Ka2 Qf7+ 41. b3 Qf4 42. Qxf4 exf4 43. Rxb6 Rf1 44. Rb5 Rxf2 45. Kb2 f3 46.
Rxa5 Re2 47. Rf5 f2 48. a5 Kg7 49. a6 Re6 50. Rxf2 Rxa6 51. b4 h5 52. b5 Rb6
53. c4 h4 54. Kc3 Rf6 55. Rh2 Rf3+ 56. Kb4 Rf7 57. Rxh4 Re7 58. Rd4 1-0

[Event "Jugend WM U20"]
[Site "Istanbul"]
[Date "2005.11.13"]
[Round "5.44"]
[White "Tulay, Berkay"]
[Black "Ouakhir, Mehdi"]
[Result "1-0"]
[WhiteElo "2179"]
[BlackElo "2239"]
[PlyCount "109"]
[EventDate "2005.11.??"]
[EventType "swiss"]
[EventRounds "13"]
[EventCountry "TUR"]
[Source "Reinhold Goldau"]
[SourceDate "2000.03.01"]

1. d4 d5 2. Nf3 c6 3. g3 Nf6 4. Bg2 Bg4 5. Ne5 Bh5 6. c4 e6 7. O-O Nbd7 8. Nxd7
Qxd7 9. b3 Bd6 10. Bb2 O-O 11. Nc3 Rfe8 12. Qd2 Rad8 13. e4 dxe4 14. Nxe4 Nxe4
15. Bxe4 Be7 16. Qa5 Bg6 17. Bf3 a6 18. Rfd1 Bf6 19. Rac1 Qc8 20. b4 Rd7 21. b5
Red8 22. Qb6 Qc7 23. Qa7 c5 24. bxa6 bxa6 25. Qxc7 Rxc7 26. Bc3 Bg5 27. Ba5
Bxc1 28. Bxc7 Rd7 29. dxc5 Rxd1+ 30. Bxd1 Be4 31. Ba4 Ba3 32. Bb6 Kf8 33. f4
Bb2 34. c6 Ke7 35. Kf2 Kd6 36. c5+ Ke7 37. Ke3 f5 38. Bc7 Bd5 39. Bd6+ Kd8 40.
c7+ Kc8 41. Bb3 g6 42. Kd2 Bxb3 43. axb3 Bd4 44. Kd3 Bg1 45. h3 h5 46. Kc4 Bf2
47. b4 Kd7 48. Kb3 Kc8 49. Ka4 Kb7 50. Ka5 Bxg3 51. c6+ Kc8 52. Kxa6 g5 53. b5
Bf2 54. fxg5 f4 55. g6 1-0

[Event "Jugend WM U20"]
[Site "Istanbul"]
[Date "2005.11.13"]
[Round "5.45"]
[White "Lauda, Alexandr"]
[Black "Bekkat, Azeddinne"]
[Result "0-1"]
[WhiteElo "2010"]
[BlackElo "2202"]
[PlyCount "110"]
[EventDate "2005.11.??"]
[EventType "swiss"]
[EventRounds "13"]
[EventCountry "TUR"]
[Source "Reinhold Goldau"]
[SourceDate "2000.03.01"]

1. e4 c5 2. d4 cxd4 3. c3 dxc3 4. Nxc3 d6 5. Bc4 e6 6. Nf3 Be7 7. O-O Nc6 8.
Qe2 Nf6 9. Rd1 e5 10. h3 O-O 11. Be3 a6 12. Rac1 Bd7 13. Bg5 Be6 14. Bd5 Nxd5
15. exd5 Bxg5 16. Nxg5 Nd4 17. Qh5 Bf5 18. Nf3 Bg6 19. Qg4 f5 20. Qg3 f4 21.
Qg4 Bf5 22. Qh5 g6 23. Qh6 Nxf3+ 24. gxf3 Bd7 25. Kh2 Rf5 26. Rg1 Qf8 27. Qh4
Rc8 28. Rg4 Rf7 29. Rg5 Bf5 30. Rcg1 Rc4 31. Rh5 Rg7 32. Rh6 Qe7 33. Rg5 Rd4
34. Ne4 Bxe4 35. fxe4 Rxe4 36. Qg4 Qd7 37. Qf3 Rd4 38. h4 Qe7 39. Qg2 Rd2 40.
Kg1 Rd1+ 41. Kh2 Rd2 42. Kg1 Qf7 43. Qg4 Rc2 44. Qd1 Rc5 45. b4 Qxd5 46. Qb1
Rcc7 47. h5 Qc4 48. Kh2 Qc2 49. Qf1 Qc1 50. Qh3 f3 51. Rgxg6 Qf4+ 52. Rg3 Qxh6
53. Rxf3 Rgf7 54. Qg4+ Qg7 55. Qe6 Qf8 0-1

[Event "Jugend WM U20"]
[Site "Istanbul"]
[Date "2005.11.14"]
[Round "6.1"]
[White "L'Ami, Erwin"]
[Black "Mamedyarov, Shakhriyar"]
[Result "0-1"]
[WhiteElo "2541"]
[BlackElo "2674"]
[Annotator "ilker"]
[PlyCount "128"]
[EventDate "2005.11.??"]
[EventType "swiss"]
[EventRounds "13"]
[EventCountry "TUR"]
[Source "Reinhold Goldau"]
[SourceDate "2000.03.01"]

1. e4 e5 2. Nf3 Nc6 3. Bb5 a6 4. Bxc6 dxc6 5. O-O Qd6 6. d4 exd4 7. Nxd4 Bd7 8.
Nc3 O-O-O 9. Be3 Nf6 10. f3 Qe5 11. Nde2 Bd6 12. Bf4 Qc5+ 13. Kh1 Be6 14. Qc1
Bc4 15. Qe3 Qxe3 16. Bxe3 Be5 17. Rfe1 Bxe2 18. Rxe2 Bxc3 19. bxc3 Ne8 20. Kg1
Nd6 21. Kf2 b6 22. Ke1 c5 23. Rd1 Nb5 24. Rxd8+ Rxd8 25. Bd2 Kb7 26. Re3 Na3
27. Kd1 Nc4 28. Re2 a5 29. Kc1 Kc6 30. Bf4 Re8 31. Kd1 b5 32. Bc1 Rd8+ 33. Ke1
a4 34. Kf2 b4 35. cxb4 cxb4 36. Re1 Kb5 37. Ke2 c5 38. Rd1 Rxd1 39. Kxd1 Na5
40. Bb2 g6 41. Ke2 Nc6 42. Ke3 Kc4 43. f4 f5 44. exf5 gxf5 45. g4 a3 46. Bh8
Nd4 47. gxf5 Nxf5+ 48. Ke4 Nd6+ 49. Kf3 Kd5 50. Be5 Nf5 51. Ke2 c4 52. Kd2 h5
53. Kc1 h4 54. Bc7 h3 55. Ba5 Nd4 56. f5 b3 57. cxb3 cxb3 58. Kb1 b2 59. Bb4
Nxf5 60. Bxa3 Nd4 61. Bxb2 Nf3 62. Bc1 Ke4 63. Ba3 (63. a4 Nxh2 64. a5 Nf3 65.
a6 Nd2+ $1 $19) 63... Nxh2 64. Bd6 Nf1 0-1

[Event "Jugend WM U20"]
[Site "Istanbul"]
[Date "2005.11.14"]
[Round "6.2"]
[White "Wojtaszek, Radoslaw"]
[Black "Smeets, Jan"]
[Result "1/2-1/2"]
[WhiteElo "2606"]
[BlackElo "2531"]
[PlyCount "35"]
[EventDate "2005.11.??"]
[EventType "swiss"]
[EventRounds "13"]
[EventCountry "TUR"]
[Source "Reinhold Goldau"]
[SourceDate "2000.03.01"]

1. d4 d5 2. Nf3 c6 3. c4 Nf6 4. Nc3 e6 5. g3 Nbd7 6. Bg2 dxc4 7. O-O b5 8. Bg5
Bb7 9. a4 a6 10. Ne5 Qb6 11. Nxd7 Nxd7 12. e4 e5 13. dxe5 Nxe5 14. axb5 axb5
15. Rxa8+ Bxa8 16. Qh5 g6 17. Qh3 Be7 18. Be3 1/2-1/2

[Event "Jugend WM U20"]
[Site "Istanbul"]
[Date "2005.11.14"]
[Round "6.3"]
[White "Romanov, Evgeny"]
[Black "Kharitonov, Alexandr"]
[Result "1/2-1/2"]
[WhiteElo "2479"]
[BlackElo "2545"]
[PlyCount "63"]
[EventDate "2005.11.??"]
[EventType "swiss"]
[EventRounds "13"]
[EventCountry "TUR"]
[Source "Reinhold Goldau"]
[SourceDate "2000.03.01"]

1. e4 e5 2. Nf3 Nc6 3. Bb5 a6 4. Ba4 Nf6 5. O-O Be7 6. Re1 b5 7. Bb3 d6 8. c3
O-O 9. d4 Bg4 10. Be3 Bh5 11. h3 exd4 12. cxd4 d5 13. e5 Ne4 14. Nc3 Nxc3 15.
bxc3 Na5 16. Bc2 Nc4 17. g4 Bg6 18. Bf5 a5 19. Bf4 b4 20. Kg2 bxc3 21. h4 c5
22. Qd3 cxd4 23. Nxd4 Rc8 24. h5 Bxf5 25. gxf5 Kh8 26. Rg1 Nb2 27. Qg3 Nc4 28.
Kh1 Rg8 29. f6 gxf6 30. Qxg8+ Qxg8 31. Rxg8+ Kxg8 32. Bh6 1/2-1/2

[Event "Jugend WM U20"]
[Site "Istanbul"]
[Date "2005.11.14"]
[Round "6.5"]
[White "Gashimov, Vugar"]
[Black "Wei, Chenpeng"]
[Result "1-0"]
[WhiteElo "2608"]
[BlackElo "2390"]
[PlyCount "83"]
[EventDate "2005.11.??"]
[EventType "swiss"]
[EventRounds "13"]
[EventCountry "TUR"]
[Source "Reinhold Goldau"]
[SourceDate "2000.03.01"]

1. e4 c5 2. Nf3 d6 3. d4 cxd4 4. Nxd4 Nf6 5. Nc3 a6 6. Bg5 e6 7. f4 Nbd7 8. Qe2
Be7 9. O-O-O O-O 10. g4 Qc7 11. Bg2 Re8 12. h4 Nb6 13. f5 Bd7 14. Be3 Nc4 15.
Bg1 Rec8 16. Rh3 b5 17. g5 Ne8 18. fxe6 fxe6 19. Rf1 b4 20. Qf2 Ne5 21. Bh2 Nf6
22. gxf6 Bxf6 23. Rg3 Kh8 24. Nce2 Bxh4 25. Qe3 Nc4 26. Qd3 Bxg3 27. Qxg3 Rf8
28. Nf4 Rf6 29. Rg1 Rg8 30. Bh3 Qa5 31. Qb3 Qc5 32. Rd1 e5 33. Bxd7 exf4 34.
Bg1 Qc7 35. Be6 Na5 36. Qh3 Re8 37. Bd5 Nc4 38. Nf5 Ne5 39. Bd4 Qd7 40. Rh1 g6
41. Qh4 Ref8 42. Nxd6 1-0

[Event "Jugend WM U20"]
[Site "Istanbul"]
[Date "2005.11.14"]
[Round "6.6"]
[White "Bartel, Mateusz"]
[Black "Berkes, Ferenc"]
[Result "1-0"]
[WhiteElo "2513"]
[BlackElo "2596"]
[PlyCount "41"]
[EventDate "2005.11.??"]
[EventType "swiss"]
[EventRounds "13"]
[EventCountry "TUR"]
[Source "Reinhold Goldau"]
[SourceDate "2000.03.01"]

1. d4 Nf6 2. c4 e6 3. Nf3 b6 4. Nc3 Bb4 5. Bg5 Bb7 6. e3 h6 7. Bh4 g5 8. Bg3
Ne4 9. Nd2 Nxc3 10. bxc3 Bxc3 11. Rc1 Bb4 12. h4 gxh4 13. Rxh4 Nc6 14. d5 Ne7
15. dxe6 dxe6 16. Qa4+ Nc6 17. Rd4 Qg5 18. c5 Bxd2+ 19. Rxd2 O-O 20. Bb5 Ne5
21. c6 1-0

[Event "Jugend WM U20"]
[Site "Istanbul"]
[Date "2005.11.14"]
[Round "6.8"]
[White "Babujian, Levon"]
[Black "Stellwagen, Daniel"]
[Result "1/2-1/2"]
[WhiteElo "2429"]
[BlackElo "2561"]
[PlyCount "89"]
[EventDate "2005.11.??"]
[EventType "swiss"]
[EventRounds "13"]
[EventCountry "TUR"]
[Source "Reinhold Goldau"]
[SourceDate "2000.03.01"]

1. e4 e6 2. d4 d5 3. Nc3 Nf6 4. Bg5 dxe4 5. Nxe4 Be7 6. Bxf6 gxf6 7. Nf3 f5 8.
Nc3 a6 9. g3 b5 10. Bg2 Bb7 11. O-O O-O 12. Re1 c5 13. dxc5 Qxd1 14. Raxd1 Bxc5
15. Ne5 Bxg2 16. Kxg2 Rc8 17. Re2 Nc6 18. Nxc6 Rxc6 19. Rd7 b4 20. Nd1 Bf8 21.
c3 bxc3 22. Nxc3 Rb8 23. Red2 Bb4 24. R2d3 Kf8 25. a3 Bxc3 26. bxc3 Rbc8 27.
Ra7 R8c7 28. Rd6 Rxd6 29. Rxc7 Rd5 30. a4 Ra5 31. Rc4 Ke7 32. Kf3 Re5 33. Rb4
Kf6 34. c4 Re4 35. Rb6 Rxc4 36. Rxa6 Rc3+ 37. Kg2 Ra3 38. a5 h6 39. Ra7 Kg6 40.
a6 Kf6 41. Ra8 f4 42. a7 f3+ 43. Kh3 Kf5 44. Rb8 Rxa7 45. Rb3 1/2-1/2

[Event "Jugend WM U20"]
[Site "Istanbul"]
[Date "2005.11.14"]
[Round "6.11"]
[White "Karakehajov, Kalin"]
[Black "Tomashevsky, Evgeny"]
[Result "0-1"]
[WhiteElo "2396"]
[BlackElo "2564"]
[PlyCount "78"]
[EventDate "2005.11.??"]
[EventType "swiss"]
[EventRounds "13"]
[EventCountry "TUR"]
[Source "Reinhold Goldau"]
[SourceDate "2000.03.01"]

1. d4 Nf6 2. Nf3 b6 3. Bf4 Bb7 4. Nbd2 g6 5. c4 Bg7 6. Qc2 d6 7. e4 Nbd7 8. Bd3
e5 9. dxe5 dxe5 10. Bxe5 Nxe5 11. Nxe5 O-O 12. O-O Nh5 13. Ndf3 Nf4 14. Rad1
Qe7 15. Ng4 Nxd3 16. Qxd3 Qxe4 17. Qxe4 Bxe4 18. Rfe1 Rfe8 19. Rd2 f5 20. Ne3
Rad8 21. Red1 Rxd2 22. Rxd2 c6 23. Kf1 Bb1 24. Rd1 Bxa2 25. Ra1 Rxe3 26. fxe3
Bxc4+ 27. Kf2 a5 28. Rc1 Bd5 29. g3 a4 30. Rc2 Kf8 31. Nd4 Ke8 32. Nxc6 Be4 33.
Rc4 b5 34. Rc5 Bxc6 35. Rxc6 Bxb2 36. Ke2 a3 37. Ra6 b4 38. Kd3 b3 39. Kc4 a2
0-1

[Event "Jugend WM U20"]
[Site "Istanbul"]
[Date "2005.11.14"]
[Round "6.12"]
[White "Nyback, Tomi"]
[Black "Sengupta, Deep"]
[Result "1-0"]
[WhiteElo "2563"]
[BlackElo "2400"]
[PlyCount "67"]
[EventDate "2005.11.??"]
[EventType "swiss"]
[EventRounds "13"]
[EventCountry "TUR"]
[Source "Reinhold Goldau"]
[SourceDate "2000.03.01"]

1. Nf3 e6 2. c4 b6 3. g3 Bb7 4. Bg2 f5 5. O-O Nf6 6. d4 Be7 7. d5 O-O 8. Nd4 c5
9. Nc2 Ne8 10. Nc3 Bf6 11. Qd3 Nd6 12. Rd1 e5 13. e4 g6 14. exf5 gxf5 15. Nb5
e4 16. Qe2 Nxb5 17. cxb5 d6 18. Qh5 Bg7 19. Ne3 Qf6 20. Nc4 Qe7 21. Bf4 Rf6 22.
Bh3 Qf8 23. Nxd6 Rxd6 24. Bxf5 Rg6 25. d6 Bd4 26. Bxg6 hxg6 27. Qxg6+ Qg7 28.
Qe8+ Kh7 29. Rxd4 cxd4 30. Be5 Qd7 31. Qh5+ Kg8 32. Rc1 Qe6 33. Qh8+ Kf7 34.
Qg7+ 1-0